Ideas Verdes Análisis Político. Ley modelo de protección a periodistas y personas trabajadoras de las comunicaciones/
Uloženo v:
| Korporativní autor: | |
|---|---|
| Médium: | Kniha |
| Jazyk: | Spanish |
| Vydáno: |
Colombia
Fundación Heinrich Bὄll
2022
|
| Témata: | |
| Tagy: |
Přidat tag
Žádné tagy, Buďte první, kdo vytvoří štítek k tomuto záznamu!
|
MARC
| LEADER | 00000nam a22000007a 4500 | ||
|---|---|---|---|
| 003 | cru CIDCACS/IIS | ||
| 005 | 20230515134238.0 | ||
| 008 | 230515b2022 co ||||| |||| 00| 0 spa d | ||
| 022 | |2 2590-499X | ||
| 040 | |c cru CIDCACS/IIS | ||
| 090 | |a 08.16.01 I19I | ||
| 110 | 1 | |9 11318 |a Fundación Heinrich Bὄll | |
| 245 | |a Ideas Verdes |b Análisis Político. Ley modelo de protección a periodistas y personas trabajadoras de las comunicaciones/ |c Fundación Heinrich Bὄll | ||
| 260 | |a Colombia |b Fundación Heinrich Bὄll |c 2022 | ||
| 300 | |a 13 páginas | ||
| 650 | 0 | |9 38 |a DERECHOS HUMANOS | |
| 650 | 0 | |9 4486 |a PROTECCIÓN LEGAL | |
| 650 | 0 | |9 4043 |a PERIODISTAS | |
| 942 | |2 z |c LI | ||
| 999 | |c 44963 |d 44963 | ||
